| 000 | 00372nam a2200133Ia 4500 | ||
|---|---|---|---|
| 008 | 230801s9999||||xx |||||||||||||| ||und|| | ||
| 020 | _a9788120338296 | ||
| 082 |
_a006.6 _bH6451 |
||
| 100 | _aHill, Francis S. & Kelley, Stephen M | ||
| 245 | 0 | _aComputer graphics: using OpenGL | |
| 260 |
_aNew Delhi _bPHI Learning Pvt Ltd. _c2012 |
||
| 300 | _axxii, 778 p. | ||
| 942 | _cBK | ||
| 999 |
_c26934 _d26934 |
||